000
00326nam a2200133 a 4500
008
030825s1964||||xx 0 und c
040
_a
SNK
_b
slo
_c
SNK
_e
AACR2
100
1
_a
Maupassant, Gyu de
245
1
0
_a
Mont-Oriol
260
_a
Bratislava
_b
Slovenský spisovateľ
_c
1964
020
_c
16
044
_a
xo
_c
SK
041
_a
slo
999
_c
12336
_d
12336